[Event "XXX Roquetas de Mar Open 2019"]
[Site "Roquetas de Mar"]
[Date "2019.01.04"]
[Round "4"]
[White "Maiorov, Nikita"]
[Black "Medarde Santiago, Luis Marcos"]
[Result "1-0"]
[WhiteElo "2524"]
[BlackElo "2374"]
[Annotator "ChessBase"]
[PlyCount "135"]
[EventDate "2019.01.02"]
[EventType "swiss"]
[EventCountry "ESP"]
[SourceTitle "playchess.com"]
[Source "ChessBase"]
[SourceQuality "1"]
[TimeControl "5400+30"]

1. d4 {[%emt 0:03:01]} Nf6 {[%emt 0:00:00]} 2. c4 {[%emt 0:00:14]} e6 {[%emt 0:00:13]} 3. Nf3 {[%emt 0:02:49]} d5 {[%emt 0:00:28]} 4. Nc3 {[%emt 0:00:05]} dxc4 {[%emt 0:00:16]} 5. e3 {[%emt 0:00:16]} a6 {[%emt 0:00:18]} 6. a4 {[%emt 0:01:27]} c5 {[%emt 0:00:24]} 7. Bxc4 {[%emt 0:00:04]} Nc6 {[%emt 0:00:42]} 8. O-O {[%emt 0:00:05]} Be7 {[%emt 0:01:00]} 9. dxc5 {[%emt 0:00:05]} Qa5 {[%emt 0:04:52]} 10. Bd2 {[%emt 0:03:26]} Qxc5 {[%emt 0:00:43]} 11. Bd3 {[%emt 0:00:05]} O-O {[%emt 0:03:01]} 12. Ne4 {[%emt 0:03:59]} Nxe4 {[%emt 0:18:08]} 13. Bxe4 {[%emt 0:00:53]} Bf6 {[%emt 0:00:47]} 14. Qb1 {[%emt 0:11:16]} g6 {[%emt 0:03:01]} 15. Rc1 {[%emt 0:00:36]} Qe7 {[%emt 0:03:51]} 16. Bxc6 {[%emt 0:01:23]} bxc6 {[%emt 0:00:06]} 17. e4 {[%emt 0:02:08]} Qc7 {[%emt 0:08:48]} 18. Bc3 {[%emt 0:01:33]} e5 {[%emt 0:01:41]} 19. Bb4 {[%emt 0:04:13]} Be7 {[%emt 0:12:00]} 20. Bxe7 {[%emt 0:04:13]} Qxe7 {[%emt 0:00:03]} 21. h3 {[%emt 0:00:04]} Bd7 {[%emt 0:04:13]} 22. Ra3 {[%emt 0:01:23]} Rab8 {[%emt 0:00:47]} 23. Rac3 {[%emt 0:00:21]} Rb4 {[%emt 0:01:30]} 24. Qc2 {[%emt 0:00:20]} Rfb8 {[%emt 0:03:47]} 25. b3 {[%emt 0:00:08]} Be6 {[%emt 0:02:37]} 26. Nxe5 {[%emt 0:03:09]} Bd7 {[%emt 0:07:23]} 27. Nc4 {[%emt 0:07:10]} Qg5 {[%emt 0:01:47]} 28. Nd2 {[%emt 0:04:03]} Rd8 {[%emt 0:03:04]} 29. Rd3 {[%emt 0:03:13]} Be6 {[%emt 0:05:10]} 30. Qc5 {[%emt 0:03:39]} Qxc5 {[%emt 0:02:54]} 31. Rxd8+ {[%emt 0:00:06]} Qf8 {[%emt 0:00:07]} 32. Rxf8+ {[%emt 0:00:04]} Kxf8 {[%emt 0:00:04]} 33. Rxc6 {[%emt 0:00:04]} Rd4 {[%emt 0:06:05]} 34. Rc2 {[%emt 0:00:06]} Ke7 {[%emt 0:00:26]} 35. Kf1 {[%emt 0:00:44]} f5 {[%emt 0:00:16]} 36. Ke2 {[%emt 0:01:25]} fxe4 {[%emt 0:00:32]} 37. Rc7+ {[%emt 0:00:28]} Kf6 {[%emt 0:03:06]} 38. Ra7 {[%emt 0:03:06]} Ke5 {[%emt 0:00:17]} 39. Rxa6 {[%emt 0:00:34]} Rb4 {[%emt 0:00:13]} 40. Ke3 {[%emt 0:03:37]} Bxb3 {[%emt 0:00:34]} 41. a5 {[%emt 0:02:03]} Bd5 {[%emt 0:02:42]} 42. Ra7 {[%emt 0:00:08]} Ra4 {[%emt 0:00:24]} 43. Re7+ {[%emt 0:00:14]} Kf6 {[%emt 0:01:35]} 44. Rxh7 {[%emt 0:03:08]} Ra3+ {[%emt 0:00:25]} 45. Ke2 {[%emt 0:00:06]} Rxa5 {[%emt 0:01:05]} 46. g3 {[%emt 0:00:37]} Ra2 {[%emt 0:00:48]} 47. Rc7 {[%emt 0:00:45]} Ke5 {[%emt 0:00:24]} 48. h4 {[%emt 0:04:13]} Ra3 {[%emt 0:00:49]} 49. Nc4+ {[%emt 0:01:35]} Bxc4+ {[%emt 0:00:01]} 50. Rxc4 {[%emt 0:00:04]} Kf5 {[%emt 0:00:57]} 51. Rc5+ {[%emt 0:00:08]} Kf6 {[%emt 0:00:25]} 52. Rb5 {[%emt 0:01:02]} Rc3 {[%emt 0:00:09]} 53. Rb8 {[%emt 0:01:48]} Ra3 {[%emt 0:00:15]} 54. Re8 {[%emt 0:00:13]} Kf5 {[%emt 0:00:12]} 55. Kf1 {[%emt 0:00:11]} Ra4 {[%emt 0:01:32]} 56. Kg2 {[%emt 0:00:33]} Ra3 {[%emt 0:00:31]} 57. Rf8+ {[%emt 0:00:10]} Ke5 {[%emt 0:00:27]} 58. Kh3 {[%emt 0:00:07]} Ra4 {[%emt 0:00:33]} 59. Rf4 {[%emt 0:00:24]} Ra3 {[%emt 0:00:04]} 60. Rf8 {[%emt 0:00:58]} Ra4 {[%emt 0:00:57]} 61. Kg4 {[%emt 0:00:37]} e3+ {[%emt 0:00:27]} 62. f4+ {[%emt 0:00:05]} Ke4 {[%emt 0:00:31]} 63. Re8+ {[%emt 0:00:05]} Kd4 {[%emt 0:00:29]} 64. Kf3 {[%emt 0:00:10]} e2 {[%emt 0:00:33]} 65. Rxe2 {[%emt 0:00:10]} Ra3+ {[%emt 0:00:05]} 66. Kg4 {[%emt 0:00:04]} Kd5 {[%emt 0:00:20]} 67. Re5+ {[%emt 0:00:05]} Kd6 {[%emt 0:00:04]} 68. Rg5 {[%emt 0:00:03] Kd5} 1-0

[Event "XXX Roquetas de Mar Open 2019"]
[Site "Roquetas de Mar"]
[Date "2019.01.04"]
[Round "4"]
[White "Kantor, Gergely"]
[Black "Arjun C Krishnamachari"]
[Result "1-0"]
[WhiteElo "2514"]
[BlackElo "2009"]
[Annotator "ChessBase"]
[PlyCount "109"]
[EventDate "2019.01.02"]
[EventType "swiss"]
[EventCountry "ESP"]
[SourceTitle "playchess.com"]
[Source "ChessBase"]
[SourceQuality "1"]
[TimeControl "5400+30"]

1. d4 {[%emt 0:00:00]} Nf6 {[%emt 0:04:17]} 2. c4 {[%emt 0:00:19]} e6 {[%emt 0:00:15]} 3. g3 {[%emt 0:00:23]} d5 {[%emt 0:00:08]} 4. Bg2 {[%emt 0:00:04]} dxc4 {[%emt 0:00:08]} 5. Nf3 {[%emt 0:00:08]} c5 {[%emt 0:00:08]} 6. O-O {[%emt 0:00:06]} Nc6 {[%emt 0:00:03]} 7. Qa4 {[%emt 0:00:42]} cxd4 {[%emt 0:00:09]} 8. Nxd4 {[%emt 0:01:28]} Qxd4 {[%emt 0:01:13]} 9. Bxc6+ {[%emt 0:00:15]} Bd7 {[%emt 0:00:01]} 10. Rd1 {[%emt 0:00:23]} Bxc6 {[%emt 0:00:07]} 11. Qxc6+ {[%emt 0:00:06]} bxc6 {[%emt 0:00:05]} 12. Rxd4 {[%emt 0:00:05]} Rc8 {[%emt 0:02:31]} 13. Rxc4 {[%emt 0:02:58]} Nd5 {[%emt 0:00:35]} 14. b3 {[%emt 0:02:20]} Nb6 {[%emt 0:07:33]} 15. Rc2 {[%emt 0:01:02]} c5 {[%emt 0:00:34]} 16. Nd2 {[%emt 0:02:35]} Be7 {[%emt 0:00:20]} 17. Ba3 {[%emt 0:03:09]} O-O {[%emt 0:06:20]} 18. Rac1 {[%emt 0:07:01]} Rfd8 {[%emt 0:11:15]} 19. Ne4 {[%emt 0:04:10]} Rc6 {[%emt 0:04:39]} 20. Bxc5 {[%emt 0:08:06]} Rdc8 {[%emt 0:00:46]} 21. Rc3 {[%emt 0:02:35]} Nd5 {[%emt 0:07:25]} 22. Rc4 {[%emt 0:01:11]} Bxc5 {[%emt 0:03:25]} 23. Rxc5 {[%emt 0:02:26]} Rxc5 {[%emt 0:00:08]} 24. Nxc5 {[%emt 0:00:45]} Nb4 {[%emt 0:02:43]} 25. Nd3 {[%emt 0:02:15]} Rxc1+ {[%emt 0:00:08]} 26. Nxc1 {[%emt 0:00:03]} Kf8 {[%emt 0:00:01]} 27. Kf1 {[%emt 0:01:11]} Ke7 {[%emt 0:01:41]} 28. Ke1 {[%emt 0:00:26]} Kd6 {[%emt 0:00:11]} 29. Kd2 {[%emt 0:00:07]} Kd5 {[%emt 0:01:54]} 30. Kc3 {[%emt 0:04:04]} a5 {[%emt 0:01:03]} 31. a3 {[%emt 0:14:11]} Nc6 {[%emt 0:00:02]} 32. Nd3 {[%emt 0:00:16]} Nd4 {[%emt 0:08:27]} 33. Nf4+ {[%emt 0:01:03]} Ke5 {[%emt 0:00:27]} 34. Kc4 {[%emt 0:00:50]} Nc2 {[%emt 0:03:36]} 35. a4 {[%emt 0:06:43]} Kd6 {[%emt 0:06:40]} 36. Nd3 {[%emt 0:13:52]} e5 {[%emt 0:00:02]} 37. e3 {[%emt 0:01:14]} e4 {[%emt 0:05:27]} 38. Nb2 {[%emt 0:00:36]} Kc6 {[%emt 0:02:57]} 39. Kc3 {[%emt 0:00:43]} Nb4 {[%emt 0:01:30]} 40. Kd4 {[%emt 0:02:51]} Nc2+ {[%emt 0:00:58]} 41. Kc3 {[%emt 0:04:53]} Ne1 {[%emt 0:08:49]} 42. Nc4 {[%emt 0:00:55]} Nf3 {[%emt 0:00:18]} 43. Nxa5+ {[%emt 0:02:10]} Kc7 {[%emt 0:00:01]} 44. h4 {[%emt 0:02:00]} Ne5 {[%emt 0:03:47]} 45. Kd4 {[%emt 0:03:30]} Ng4 {[%emt 0:00:05]} 46. b4 {[%emt 0:02:16]} Nxf2 {[%emt 0:00:34]} 47. b5 {[%emt 0:00:20]} Nd3 {[%emt 0:01:19]} 48. Nc4 {[%emt 0:00:18]} f5 {[%emt 0:01:02]} 49. a5 {[%emt 0:01:01]} g6 {[%emt 0:02:25]} 50. a6 {[%emt 0:00:34]} h6 {[%emt 0:00:11]} 51. b6+ {[%emt 0:01:03]} Kb8 {[%emt 0:01:09]} 52. a7+ {[%emt 0:00:40]} Ka8 {[%emt 0:00:57]} 53. Nd6 {[%emt 0:00:59]} Nb4 {[%emt 0:00:43]} 54. Kc5 {[%emt 0:00:11]} Nc2 {[%emt 0:00:40]} 55. Nb5 {[%emt 0:00:39]} 1-0

[Event "XXX Roquetas de Mar Open 2019"]
[Site "Roquetas de Mar"]
[Date "2019.01.04"]
[Round "4"]
[White "Sosa, Tomas"]
[Black "Bagi, Mate"]
[Result "1/2-1/2"]
[WhiteElo "2499"]
[BlackElo "2453"]
[Annotator "ChessBase"]
[PlyCount "83"]
[EventDate "2019.01.02"]
[EventType "swiss"]
[EventCountry "ESP"]
[SourceTitle "playchess.com"]
[Source "ChessBase"]
[SourceQuality "1"]
[TimeControl "5400+30"]

1. e4 {[%emt 0:00:00]} e5 {[%emt 0:00:00]} 2. Nf3 {[%emt 0:00:00]} Nc6 {[%emt 0:00:11]} 3. Bb5 {[%emt 0:00:00]} a6 {[%emt 0:00:21]} 4. Ba4 {[%emt 0:00:00]} Nf6 {[%emt 0:00:53]} 5. O-O {[%emt 0:00:25]} Be7 {[%emt 0:00:24]} 6. Re1 {[%emt 0:00:07]} b5 {[%emt 0:00:13]} 7. Bb3 {[%emt 0:00:10]} d6 {[%emt 0:01:30]} 8. c3 {[%emt 0:00:06]} O-O {[%emt 0:00:23]} 9. h3 {[%emt 0:00:40]} Na5 {[%emt 0:05:36]} 10. Bc2 {[%emt 0:00:34]} c5 {[%emt 0:00:10]} 11. d4 {[%emt 0:00:03]} Nd7 {[%emt 0:00:24]} 12. d5 {[%emt 0:04:04]} Nb6 {[%emt 0:01:38]} 13. Nbd2 {[%emt 0:00:51]} g6 {[%emt 0:04:11]} 14. Nf1 {[%emt 0:00:13]} f5 {[%emt 0:03:42]} 15. Bh6 {[%emt 0:00:22]} Rf7 {[%emt 0:00:59]} 16. exf5 {[%emt 0:00:12]} gxf5 {[%emt 0:01:21]} 17. Ng3 {[%emt 0:05:09]} Nac4 {[%emt 0:07:31]} 18. Nh2 {[%emt 0:10:45]} Bg5 {[%emt 0:13:50]} 19. Nxf5 {[%emt 0:17:36]} Bxf5 {[%emt 0:05:19]} 20. Bxf5 {[%emt 0:01:10]} Bxh6 {[%emt 0:00:58]} 21. Be6 {[%emt 0:00:20]} Raa7 {[%emt 0:04:40]} 22. b3 {[%emt 0:02:08]} Na5 {[%emt 0:03:09]} 23. Re4 {[%emt 0:01:53]} Kh8 {[%emt 0:03:29]} 24. Bxf7 {[%emt 0:03:46]} Rxf7 {[%emt 0:00:07]} 25. Qh5 {[%emt 0:00:06]} Qf8 {[%emt 0:01:17]} 26. Rh4 {[%emt 0:01:29]} Bf4 {[%emt 0:08:58]} 27. g3 {[%emt 0:03:15]} Nxd5 {[%emt 0:02:09]} 28. gxf4 {[%emt 0:08:14]} Nxf4 {[%emt 0:00:11]} 29. Qh6 {[%emt 0:06:11]} Qxh6 {[%emt 0:15:32]} 30. Rxh6 {[%emt 0:00:16]} Ng6 {[%emt 0:00:48]} 31. Rd1 {[%emt 0:01:43]} Rd7 {[%emt 0:00:46]} 32. Ng4 {[%emt 0:00:23]} Nb7 {[%emt 0:02:43]} 33. Nf6 {[%emt 0:10:55]} Re7 {[%emt 0:00:16]} 34. Ne4 {[%emt 0:00:48]} c4 {[%emt 0:02:49]} 35. bxc4 {[%emt 0:01:02]} bxc4 {[%emt 0:00:04]} 36. Rd2 {[%emt 0:02:45]} Kg7 {[%emt 0:02:49]} 37. Rh5 {[%emt 0:00:31]} Nf4 {[%emt 0:00:32]} 38. Rg5+ {[%emt 0:00:06]} Kf7 {[%emt 0:01:49]} 39. Rf5+ {[%emt 0:01:37]} Kg6 {[%emt 0:00:34]} 40. Rg5+ {[%emt 0:00:05]} Kf7 {[%emt 0:00:12]} 41. Rf5+ {[%emt 0:08:03]} Kg6 {[%emt 0:00:20]} 42. Rg5+ {[%emt 0:03:08]} 1/2-1/2

[Event "XXX Roquetas de Mar Open 2019"]
[Site "Roquetas de Mar"]
[Date "2019.01.04"]
[Round "4"]
[White "Carlsson, Pontus"]
[Black "Svetushkin, Dmitry"]
[Result "1/2-1/2"]
[WhiteElo "2463"]
[BlackElo "2605"]
[Annotator "ChessBase"]
[PlyCount "152"]
[EventDate "2019.01.02"]
[EventType "swiss"]
[EventCountry "ESP"]
[SourceTitle "playchess.com"]
[Source "ChessBase"]
[SourceQuality "1"]
[TimeControl "5400+30"]

1. e4 {[%emt 0:05:02]} c6 {[%emt 0:00:00]} 2. d4 {[%emt 0:00:09]} d5 {[%emt 0:00:00]} 3. e5 {[%emt 0:00:09]} Bf5 {[%emt 0:00:00]} 4. h4 {[%emt 0:00:14]} h6 {[%emt 0:00:00]} 5. g4 {[%emt 0:02:12]} Bd7 {[%emt 0:00:00]} 6. Nc3 {[%emt 0:03:28]} Qc8 {[%emt 0:00:06]} 7. Bh3 {[%emt 0:14:13]} h5 {[%emt 0:01:10]} 8. gxh5 {[%emt 0:06:32]} Nh6 {[%emt 0:02:47]} 9. Nce2 {[%emt 0:07:20]} c5 {[%emt 0:01:24]} 10. c3 {[%emt 0:01:34]} Nc6 {[%emt 0:00:08]} 11. dxc5 {[%emt 0:14:24]} Bxh3 {[%emt 0:01:01]} 12. Nxh3 {[%emt 0:00:18]} e6 {[%emt 0:00:11]} 13. Ng3 {[%emt 0:08:17]} Nxe5 {[%emt 0:03:29]} 14. Qe2 {[%emt 0:00:18]} Nd7 {[%emt 0:01:05]} 15. b4 {[%emt 0:08:02]} b6 {[%emt 0:01:55]} 16. Nf4 {[%emt 0:10:22]} Qc6 {[%emt 0:12:17]} 17. c4 {[%emt 0:03:12]} dxc4 {[%emt 0:04:00]} 18. Bb2 {[%emt 0:00:02]} bxc5 {[%emt 0:10:54]} 19. b5 {[%emt 0:01:31]} Qxb5 {[%emt 0:01:19]} 20. O-O {[%emt 0:06:58]} Qc6 {[%emt 0:05:12]} 21. Qxc4 {[%emt 0:01:29]} O-O-O 22. Rad1 {[%emt 0:01:43]} Ng4 {[%emt 0:09:18]} 23. Rfe1 {[%emt 0:02:01]} Ngf6 {[%emt 0:04:48]} 24. Rd3 {[%emt 0:01:58]} Bd6 {[%emt 0:01:39]} 25. Nxe6 {[%emt 0:00:23]} Rde8 {[%emt 0:06:07]} 26. Nf5 {[%emt 0:00:33]} Bb8 {[%emt 0:00:49]} 27. Bxf6 {[%emt 0:00:29]} gxf6 {[%emt 0:03:32]} 28. Nfd4 {[%emt 0:00:28]} Rhg8+ {[%emt 0:00:38]} 29. Kf1 {[%emt 0:00:03]} Qb7 {[%emt 0:09:12]} 30. Rb3 {[%emt 0:00:25]} Qg2+ {[%emt 0:04:28]} 31. Ke2 {[%emt 0:00:01]} fxe6 {[%emt 0:01:15]} 32. Qa6+ {[%emt 0:00:40]} Kc7 {[%emt 0:00:17]} 33. Nxe6+ {[%emt 0:01:14]} Rxe6+ {[%emt 0:00:22]} 34. Qxe6 {[%emt 0:00:02]} Qg4+ {[%emt 0:07:48]} 35. Qxg4 {[%emt 0:00:02]} Rxg4 {[%emt 0:00:06]} 36. Rh1 {[%emt 0:00:49]} Kc6 {[%emt 0:00:13]} 37. Rf3 {[%emt 0:01:20]} c4 {[%emt 0:03:20]} 38. Rf5 {[%emt 0:00:21]} Be5 {[%emt 0:00:26]} 39. h6 {[%emt 0:00:19]} Nf8 {[%emt 0:00:02]} 40. f4 {[%emt 0:00:38]} Bb2 {[%emt 0:02:11]} 41. Rb1 {[%emt 0:00:43]} c3 {[%emt 0:01:15]} 42. Rxf6+ {[%emt 0:00:12]} Kd5 {[%emt 0:02:40]} 43. Rxf8 {[%emt 0:00:08]} c2 {[%emt 0:00:02]} 44. Rf1 {[%emt 0:00:32]} c1=Q {[%emt 0:02:49]} 45. Rxc1 {[%emt 0:00:02]} Bxc1 {[%emt 0:00:04]} 46. h7 {[%emt 0:00:49]} Bb2 {[%emt 0:00:11]} 47. h8=Q {[%emt 0:01:13]} Bxh8 {[%emt 0:00:09]} 48. Rxh8 {[%emt 0:00:02]} Rxf4 {[%emt 0:00:05]} 49. h5 {[%emt 0:00:29]} Rh4 {[%emt 0:01:27]} 50. h6 {[%emt 0:00:17]} Kc6 {[%emt 0:00:02]} 51. Kf3 {[%emt 0:00:49]} Kb5 {[%emt 0:00:03]} 52. Kg3 {[%emt 0:00:21]} Rh1 {[%emt 0:00:05]} 53. Kg4 {[%emt 0:00:19]} Rh2 {[%emt 0:00:49]} 54. Kg5 {[%emt 0:01:03]} Rg2+ {[%emt 0:00:10]} 55. Kf6 {[%emt 0:00:17]} Rf2+ {[%emt 0:00:09]} 56. Kg6 {[%emt 0:00:37]} Rg2+ {[%emt 0:00:02]} 57. Kf7 {[%emt 0:00:14]} Rf2+ {[%emt 0:00:03]} 58. Ke6 {[%emt 0:00:23]} Rh2 {[%emt 0:00:05]} 59. Kf7 {[%emt 0:01:00]} a5 {[%emt 0:01:28]} 60. Rb8+ {[%emt 0:00:13]} Kc5 {[%emt 0:00:09]} 61. Kg7 {[%emt 0:00:13]} Rg2+ {[%emt 0:00:06]} 62. Kf7 {[%emt 0:00:31]} Rf2+ {[%emt 0:00:17]} 63. Kg7 {[%emt 0:00:42]} Rg2+ {[%emt 0:00:03]} 64. Kf7 {[%emt 0:00:35]} Rf2+ {[%emt 0:00:07]} 65. Kg8 {[%emt 0:00:15]} Rg2+ {[%emt 0:00:03]} 66. Kh8 {[%emt 0:01:00]} Rxa2 {[%emt 0:00:06]} 67. h7 {[%emt 0:00:14]} Rh2 {[%emt 0:00:27]} 68. Kg7 {[%emt 0:00:35]} a4 {[%emt 0:00:14]} 69. h8=Q {[%emt 0:00:51]} Rxh8 {[%emt 0:00:04]} 70. Kxh8 {[%emt 0:00:16]} Kc4 {[%emt 0:00:09]} 71. Kg7 {[%emt 0:00:30]} a3 {[%emt 0:00:04]} 72. Kf6 {[%emt 0:00:31]} a2 {[%emt 0:00:13]} 73. Ra8 {[%emt 0:00:09]} Kb3 {[%emt 0:00:03]} 74. Ke5 {[%emt 0:00:40]} Kb2 {[%emt 0:00:06]} 75. Rb8+ {[%emt 0:00:08]} Kc2 {[%emt 0:00:03]} 76. Ra8 {[%emt 0:00:07]} Kb2 {[%emt 0:00:02]} 1/2-1/2

[Event "XXX Roquetas de Mar Open 2019"]
[Site "Roquetas de Mar"]
[Date "2019.01.04"]
[Round "4"]
[White "Barski, Radoslaw"]
[Black "Sanchez Jerez, Emilio Miguel"]
[Result "1-0"]
[WhiteElo "2458"]
[BlackElo "2183"]
[Annotator "ChessBase"]
[PlyCount "97"]
[EventDate "2019.01.02"]
[EventType "swiss"]
[EventCountry "ESP"]
[SourceTitle "playchess.com"]
[Source "ChessBase"]
[SourceQuality "1"]
[TimeControl "5400+30"]

1. e4 {[%emt 0:00:00]} e6 {[%emt 0:00:00]} 2. d4 {[%emt 0:00:00]} d5 {[%emt 0:00:00]} 3. Nd2 {[%emt 0:00:00]} Be7 {[%emt 0:00:00]} 4. Bd3 {[%emt 0:00:05]} c5 {[%emt 0:00:19]} 5. dxc5 {[%emt 0:00:06]} Nf6 {[%emt 0:00:10]} 6. Qe2 {[%emt 0:00:12]} O-O {[%emt 0:00:21]} 7. Ngf3 {[%emt 0:00:04]} a5 {[%emt 0:00:27]} 8. O-O {[%emt 0:00:11]} Na6 {[%emt 0:00:19]} 9. e5 {[%emt 0:00:46]} Nd7 {[%emt 0:00:09]} 10. c4 {[%emt 0:00:14]} Naxc5 {[%emt 0:01:33]} 11. Bc2 {[%emt 0:09:00]} dxc4 {[%emt 0:00:18]} 12. Nxc4 {[%emt 0:00:19]} b5 {[%emt 0:00:15]} 13. Nd6 {[%emt 0:28:15]} Nxe5 {[%emt 0:01:06]} 14. Nxe5 {[%emt 0:01:36]} Bxd6 {[%emt 0:01:18]} 15. Rd1 {[%emt 0:00:09]} Qc7 {[%emt 0:13:34]} 16. Bf4 {[%emt 0:00:28]} Bb7 {[%emt 0:08:46]} 17. Rxd6 {[%emt 0:12:30]} Qxd6 {[%emt 0:01:03]} 18. Ng6 {[%emt 0:00:06]} Qd4 {[%emt 0:14:03]} 19. Be3 {[%emt 0:31:11]} Qxb2 {[%emt 0:07:45]} 20. Rb1 {[%emt 0:01:31]} Qxa2 {[%emt 0:09:48]} 21. Ne7+ {[%emt 0:06:28]} Kh8 {[%emt 0:00:10]} 22. Bxc5 {[%emt 0:00:01]} f5 {[%emt 0:12:07]} 23. f3 {[%emt 0:04:31]} Rac8 {[%emt 0:07:31]} 24. Nxc8 {[%emt 0:00:02]} Rxc8 {[%emt 0:00:12]} 25. Qd3 {[%emt 0:01:08]} Bd5 {[%emt 0:09:46]} 26. Bb3 {[%emt 0:00:09]} Bxb3 {[%emt 0:02:47]} 27. Rxb3 {[%emt 0:00:01]} b4 {[%emt 0:02:47]} 28. Qd7 {[%emt 0:00:47]} Qa1+ {[%emt 0:02:33]} 29. Kf2 {[%emt 0:00:07]} Qa2+ {[%emt 0:00:08]} 30. Kg3 {[%emt 0:00:47]} Rg8 {[%emt 0:00:13]} 31. Qxe6 {[%emt 0:02:03]} f4+ {[%emt 0:01:53]} 32. Kxf4 {[%emt 0:00:02]} Qxg2 {[%emt 0:00:40]} 33. Re3 {[%emt 0:02:55]} Qxh2+ {[%emt 0:00:18]} 34. Ke4 {[%emt 0:00:04]} Qh5 {[%emt 0:01:30]} 35. Kd4 {[%emt 0:00:43]} Rd8+ {[%emt 0:00:33]} 36. Kc4 {[%emt 0:00:02]} h6 {[%emt 0:00:39]} 37. Bd4 {[%emt 0:01:00]} Rf8 {[%emt 0:02:35]} 38. Qd7 {[%emt 0:00:50]} Qf7+ {[%emt 0:00:23]} 39. Qxf7 {[%emt 0:00:09]} Rxf7 {[%emt 0:00:00]} 40. Kb5 {[%emt 0:00:46]} Rf5+ {[%emt 0:00:11]} 41. Be5 {[%emt 0:00:19]} b3 {[%emt 0:00:34]} 42. Ka4 {[%emt 0:00:16]} Kh7 {[%emt 0:00:45]} 43. Kxb3 {[%emt 0:00:03]} h5 {[%emt 0:00:22]} 44. Kc4 {[%emt 0:00:19]} g5 {[%emt 0:00:40]} 45. Kd4 {[%emt 0:00:09]} g4 {[%emt 0:00:37]} 46. f4 {[%emt 0:00:32]} h4 {[%emt 0:00:12]} 47. Ke4 {[%emt 0:00:02]} h3 {[%emt 0:01:01]} 48. Kxf5 {[%emt 0:00:26]} h2 {[%emt 0:00:07]} 49. Kxg4 {[%emt 0:00:04]} 1-0

[Event "XXX Roquetas de Mar Open 2019"]
[Site "Roquetas de Mar"]
[Date "2019.01.04"]
[Round "4"]
[White "Tejedor Fuente, Enrique"]
[Black "Frolyanov, Dmitry"]
[Result "0-1"]
[WhiteElo "2428"]
[BlackElo "2517"]
[Annotator "ChessBase"]
[PlyCount "72"]
[EventDate "2019.01.02"]
[EventType "swiss"]
[EventCountry "ESP"]
[SourceTitle "playchess.com"]
[Source "ChessBase"]
[SourceQuality "1"]
[TimeControl "5400+30"]

1. e4 {[%emt 0:01:55]} c5 {[%emt 0:00:00]} 2. Nc3 {[%emt 0:00:17]} Nc6 {[%emt 0:00:00]} 3. Nf3 {[%emt 0:00:16]} Nf6 {[%emt 0:00:37]} 4. d4 {[%emt 0:00:07]} cxd4 {[%emt 0:00:05]} 5. Nxd4 {[%emt 0:00:01]} e5 {[%emt 0:00:08]} 6. Ndb5 {[%emt 0:00:15]} d6 {[%emt 0:00:07]} 7. Bg5 {[%emt 0:00:31]} a6 {[%emt 0:00:07]} 8. Na3 {[%emt 0:00:12]} b5 {[%emt 0:00:07]} 9. Nd5 {[%emt 0:00:04]} Be7 {[%emt 0:00:08]} 10. Bxf6 {[%emt 0:00:04]} Bxf6 {[%emt 0:00:05]} 11. c3 {[%emt 0:00:18]} Rb8 {[%emt 0:00:35]} 12. Nc2 {[%emt 0:00:49]} Bg5 {[%emt 0:00:13]} 13. Be2 {[%emt 0:03:18]} O-O {[%emt 0:00:25]} 14. O-O {[%emt 0:01:08]} Be6 {[%emt 0:12:15]} 15. Ncb4 {[%emt 0:19:41]} Nxb4 {[%emt 0:00:32]} 16. Nxb4 {[%emt 0:00:22]} Qb6 {[%emt 0:01:05]} 17. Bg4 {[%emt 0:00:21]} a5 {[%emt 0:03:35]} 18. Bxe6 {[%emt 0:04:41]} fxe6 {[%emt 0:05:05]} 19. Nd3 {[%emt 0:03:09]} Bd8 {[%emt 0:00:36]} 20. a4 {[%emt 0:17:41]} Qc6 {[%emt 0:01:22]} 21. Re1 {[%emt 0:00:22]} Bb6 {[%emt 0:00:54]} 22. Re2 {[%emt 0:02:52]} Rf6 {[%emt 0:07:11]} 23. Kh1 {[%emt 0:00:36]} Rbf8 {[%emt 0:01:14]} 24. f3 {[%emt 0:00:25]} bxa4 {[%emt 0:00:38]} 25. Qxa4 {[%emt 0:00:35]} Qc7 {[%emt 0:00:15]} 26. Nf2 {[%emt 0:09:42]} Qf7 {[%emt 0:15:45]} 27. Ng4 {[%emt 0:00:03]} Rf4 {[%emt 0:00:55]} 28. Qc6 {[%emt 0:09:49]} Bc5 {[%emt 0:04:30]} 29. h3 {[%emt 0:02:46]} Qe7 {[%emt 0:12:44]} 30. Rxa5 {[%emt 0:06:41]} Rxg4 {[%emt 0:00:42]} 31. fxg4 {[%emt 0:00:31]} Rf1+ {[%emt 0:01:18]} 32. Kh2 {[%emt 0:00:02]} Bg1+ {[%emt 0:00:33]} 33. Kg3 {[%emt 0:00:01]} h5 {[%emt 0:00:17]} 34. h4 {[%emt 0:06:30]} Bh2+ {[%emt 0:01:21]} 35. Kh3 {[%emt 0:00:08]} hxg4+ {[%emt 0:00:08]} 36. Kxg4 {[%emt 0:00:09]} Rf4+ {[%emt 0:00:08]} 0-1

[Event "XXX Roquetas de Mar Open 2019"]
[Site "Roquetas de Mar"]
[Date "2019.01.04"]
[Round "4"]
[White "Arjun Kalyan"]
[Black "Del Rio De Angelis, Salvador G."]
[Result "1-0"]
[WhiteElo "2395"]
[BlackElo "2501"]
[Annotator "ChessBase"]
[PlyCount "69"]
[EventDate "2019.01.02"]
[EventType "swiss"]
[EventCountry "ESP"]
[SourceTitle "playchess.com"]
[Source "ChessBase"]
[SourceQuality "1"]
[TimeControl "5400+30"]

1. e4 {[%emt 0:00:00]} e6 {[%emt 0:00:00]} 2. d4 {[%emt 0:00:30]} d5 {[%emt 0:00:00]} 3. Nc3 {[%emt 0:00:07]} Bb4 {[%emt 0:00:08]} 4. e5 {[%emt 0:00:20]} c5 {[%emt 0:00:22]} 5. a3 {[%emt 0:00:12]} Bxc3+ {[%emt 0:00:43]} 6. bxc3 {[%emt 0:00:05]} Qa5 {[%emt 0:00:11]} 7. Bd2 {[%emt 0:00:42]} Qa4 {[%emt 0:00:13]} 8. Qg4 {[%emt 0:00:33]} g6 {[%emt 0:00:55]} 9. Nf3 {[%emt 0:01:10]} Nc6 {[%emt 0:01:15]} 10. Ra2 {[%emt 0:06:08]} h6 {[%emt 0:01:32]} 11. Qh4 {[%emt 0:02:59]} c4 {[%emt 0:00:45]} 12. Be2 {[%emt 0:01:40]} Rh7 {[%emt 0:00:21]} 13. O-O {[%emt 0:02:49]} Bd7 {[%emt 0:00:14]} 14. g4 {[%emt 0:09:43]} Rg7 {[%emt 0:03:40]} 15. Rb1 {[%emt 0:13:47]} b6 {[%emt 0:00:41]} 16. Ne1 {[%emt 0:02:22]} g5 {[%emt 0:02:14]} 17. Qh3 {[%emt 0:05:03]} O-O-O {[%emt 0:00:41]} 18. Ng2 {[%emt 0:04:57]} Rf8 {[%emt 0:06:52]} 19. f4 {[%emt 0:02:15]} Qa5 {[%emt 0:08:29]} 20. Rd1 {[%emt 0:09:25]} f6 {[%emt 0:02:56]} 21. exf6 {[%emt 0:08:38]} Rxf6 {[%emt 0:00:48]} 22. fxg5 {[%emt 0:01:35]} hxg5 {[%emt 0:00:10]} 23. Qh8 {[%emt 0:02:44]} Rff7 {[%emt 0:26:17]} 24. Rf1 {[%emt 0:01:17]} Nce7 {[%emt 0:00:16]} 25. Rxf7 {[%emt 0:01:58]} Rxf7 {[%emt 0:00:05]} 26. Bxg5 {[%emt 0:01:18]} Kb7 {[%emt 0:00:08]} 27. Qh3 {[%emt 0:04:42]} Qb5 {[%emt 0:01:13]} 28. Ra1 {[%emt 0:00:02]} Qb2 {[%emt 0:00:11]} 29. Rf1 {[%emt 0:00:28]} Rxf1+ {[%emt 0:01:22]} 30. Bxf1 {[%emt 0:03:36]} Qxa3 {[%emt 0:07:07]} 31. Qg3 {[%emt 0:01:38]} Nc8 {[%emt 0:00:25]} 32. h4 {[%emt 0:00:53]} Nd6 {[%emt 0:00:18]} 33. Qe5 {[%emt 0:01:07]} Kc6 {[%emt 0:03:34]} 34. Bf4 {[%emt 0:04:16]} Nb5 {[%emt 0:01:01]} 35. Qb8 {[%emt 0:00:55]} 1-0